Normal view
MARC view
Entry Personal Name
001 - CONTROL NUMBER
- control field: 4026
003 - CONTROL NUMBER IDENTIFIER
- control field: ARRUPE
005 - DATE AND TIME OF LATEST TRANSACTION
- control field: 20131126165139.0
008 - FIXED-LENGTH DATA ELEMENTS
- fixed length control field: 131126|| aca||aabn | a|a d
040 ## - CATALOGING SOURCE
- Original cataloging agency: ARRUPE
- Transcribing agency: ARRUPE
100 ## - HEADING--PERSONAL NAME
- Personal name: Shapiro, Frank.
670 ## - SOURCE DATA FOUND
- Source citation: Work cat.: (ARRUPE)0: Macmillan, Hugh, Ph. D. 4023, Zion in Africa :, 1999.